000 00795nam a2200241 a 4500
005 20191224041622.0
008 140304b1999 ck |||||rm||| 00| 0 spa d
040 _aCO-BoIAVH
_cCO-BoIAVH
041 _aspa
044 _ack
090 _aTE
_b0106
100 _aVarela Ramírez, Amanda
245 _aEfecto de la fragmentación en bosque alto andino al nivel de procesos
_bla descomposición de la hojarasca y los microorganismos involucrados
260 _aBogotá
_bPontificia Universidad Javeriana
_c1999
300 _a34 p.
650 _aFragmentación de bosques
650 _aBosques altoandinos
650 _aDescomposición
650 _aMateria orgánica
650 _aHojarasca
650 _aMicroorganismos
942 _cTESIS
_2z
_01
999 _c2059
_d2059